<?xml version="1.0" encoding="UTF-8"?><?xml-stylesheet type="text/xsl" href="static/style.xsl"?><OAI-PMH xmlns="http://www.openarchives.org/OAI/2.0/" xmlns:xsi="http://www.w3.org/2001/XMLSchema-instance" xsi:schemaLocation="http://www.openarchives.org/OAI/2.0/ http://www.openarchives.org/OAI/2.0/OAI-PMH.xsd"><responseDate>2026-06-04T07:56:09Z</responseDate><request verb="GetRecord" identifier="oai:riuma.uma.es:10630/30690" metadataPrefix="marc">https://riuma.uma.es/rest/oai/request</request><GetRecord><record><header><identifier>oai:riuma.uma.es:10630/30690</identifier><datestamp>2026-02-03T10:15:47Z</datestamp><setSpec>com_10630_1685</setSpec><setSpec>col_10630_38084</setSpec></header><metadata><record xmlns="http://www.loc.gov/MARC21/slim" xmlns:dcterms="http://purl.org/dc/terms/" xmlns:doc="http://www.lyncode.com/xoai" xmlns:xsi="http://www.w3.org/2001/XMLSchema-instance" xsi:schemaLocation="http://www.loc.gov/MARC21/slim http://www.loc.gov/standards/marcxml/schema/MARC21slim.xsd">
   <leader>00925njm 22002777a 4500</leader>
   <datafield ind2=" " ind1=" " tag="042">
      <subfield code="a">dc</subfield>
   </datafield>
   <datafield ind2=" " ind1=" " tag="720">
      <subfield code="a">González-Jurado, Deborah</subfield>
      <subfield code="e">author</subfield>
   </datafield>
   <datafield ind2=" " ind1=" " tag="260">
      <subfield code="c">2024</subfield>
   </datafield>
   <datafield ind2=" " ind1=" " tag="520">
      <subfield code="a">Las diferentes huellas que componen la investigación de este período del Imperio Romano, pueden ser interpretadas desde diferentes presupuestos. Fundamentalmente, estas huellas son: relatos en las fuentes, fenómeno de teusarización, destrucción de las villae, decadencia urbana, entre otros... Hay además, diferentes interpretaciones en cuanto a crisis en sentido negativo o positivo. La definición de éste concepto, también en el marco filosófico, incluye, creo, ambas valoraciones. No obstante, desde el marco histórico, cabe destacar un cambio en la metodología de interpretación.</subfield>
   </datafield>
   <datafield ind1="8" ind2=" " tag="024">
      <subfield code="a">González-Jurado, Deborah (2024) La crisis del siglo III d.C. De un capítulo de Gonzalo Bravo.</subfield>
   </datafield>
   <datafield ind1="8" ind2=" " tag="024">
      <subfield code="a">https://hdl.handle.net/10630/30690</subfield>
   </datafield>
   <datafield tag="653" ind2=" " ind1=" ">
      <subfield code="a">Roma - Historia - S. III</subfield>
   </datafield>
   <datafield ind2="0" ind1="0" tag="245">
      <subfield code="a">La crisis del siglo III.</subfield>
   </datafield>
</record>
</metadata></record></GetRecord></OAI-PMH>